Statistiques concernant Pokémon - Les attaques de Mime Jr.

Cliquez ici pour prendre le quiz!

Statistiques générales

  • Ce quiz a été pris 12 fois
  • Le résultat moyen est 13 sur 17

Statistiques - réponses

NiveauxTypesNoms des attaques% Correct
Niveau 32NormalCopie
100%
Niveau 36PsyMur Lumière
100%
DépartNormalPhotocopie
100%
Niveau 36PsyProtection
100%
Niveau 48PsyPsyko
100%
Niveau 12PsyChoc Mental
83%
Niveau 44FéeÉclat Magique
83%
Niveau 16PsyImitation
83%
Niveau 36NormalRune Protect
83%
Niveau 20NormalAbri
67%
Niveau 40TénèbresCoup Bas
67%
DépartNormalÉcras'Face
67%
Niveau 28PsyRafale Psy
67%
Niveau 4NormalRelais
67%
Niveau 8NormalEncore
50%
Niveau 52NormalDanse Folle
33%
Niveau 24NormalRecyclage
0%

Distribution des résultats

Percentile par nombre de réponses

% des personnes avec chaque résultat

Votre développement - résultats

Vous n’avez pas pris ce quiz